L'eros in Italia : il comportamento sessuale degli italiani /
I tiakina i:
| Kaituhi matua: | |
|---|---|
| Hōputu: | Pukapuka |
| Reo: | Itāriana |
| I whakaputaina: |
Milano :
Mursia,
©1988
|
| Rangatū: | Ricerche
|
| Ngā marau: | |
| Ngā Tūtohu: |
Kāore He Tūtohu, Me noho koe te mea tuatahi ki te tūtohu i tēnei pūkete!
|
MARC
| LEADER | 00000nam a2200000 i 4500 | ||
|---|---|---|---|
| 001 | IT\ICCU\CFI\0150383 | ||
| 003 | ItRI | ||
| 005 | 20260115232343.0 | ||
| 008 | 910328s1988 it |||||| ||||| |||||c | ||
| 015 | |2 IT |a 91-1410 | ||
| 040 | |b ita |c importazione bologna sebina | ||
| 041 | 7 | |a ita |2 ISO-639-2 | |
| 082 | |a 306.70945 |9 ISTITUZIONI ATTINENTI ALLE RELAZIONI TRA I SESSI. Italia |2 19 | ||
| 100 | 1 | |a Sabatini, Roberto |0 IT\ICCU\CFIV\087642 |4 aut | |
| 245 | 1 | 2 | |a L'eros in Italia : |b il comportamento sessuale degli italiani / |c Roberto Sabatini ; presentazione di Luigi De Marchi. |
| 260 | |a Milano : |b Mursia, |c ©1988 | ||
| 300 | |a 294 p. ; |c 21 cm. | ||
| 650 | 7 | |a Italiani |x Comportamento sessuale |x Inchieste | |
| 830 | 0 | |a Ricerche |0 IT\ICCU\CFI\0150386 | |
| 942 | |2 ddc |c BK |n 0 | ||
| 952 | |0 0 |1 0 |4 0 |6 DOC_306_709000000000000_SAB |7 0 |9 24673 |a BO |b BO |d 2026-01-15 |i 1427 |l 0 |o DOC 306.709 SAB |p BO1427 |r 2026-01-15 23:23:43 |w 2026-01-15 |x [Sebina 5] [1 v.] |y BK |z 1 v. | ||
| 999 | |c 20982 |d 20982 | ||